=LDR 00000nam 2200000 4500 =001 INLIS000000000010726 =005 20130612102339 =008 ***********************************Ind** =035 ##$$0010-061300000010726 =041 ##$$a Ind =082 ##$$a 551.480 28 =090 ##$$a 551.480 28, Wil-h =100 ##$$a Wilson, EM =245 ##$$a Hidrologi teknik, E.M. Wilson =260 ##$$a 1993 $b Bandung =300 ##$$a 32 hlm., ilus., 21 cm =650 ##$$a Hidrologi Teknik =850 ##$$a NBPNMAT =990 ##$$a 21400613/BPAP-NTB/20142014 =990 ##$$a 0001/BPAP-NTB/20142014